Score 0/35 Timer 05:00
0 Plays Today
Continent Country % Correct
EuropeSerbia
98.7%
North AmericaUnited States
97.5%
EuropeCroatia
96.6%
EuropeGermany
96.4%
EuropeBosnia and Herzegovina
94.8%
North AmericaCanada
94.8%
EuropeRussia
94.7%
EuropeFrance
94.4%
OceaniaAustralia
93.8%
EuropeUnited Kingdom
93.8%
EuropeAustria
93.1%
EuropeItaly
92.9%
EuropeSpain
92.8%
EuropeSweden
92.2%
EuropeSlovenia
92.2%
EuropeMontenegro
92%
EuropeRomania
91.3%
EuropeGreece
91.2%
Continent Country % Correct
EuropeNorway
89.9%
EuropeHungary
89.3%
EuropeSwitzerland
88.5%
EuropeMacedonia
88.3%
South AmericaBrazil
87.5%
EuropeKosovo
87.4%
OceaniaNew Zealand
87%
EuropeTurkey
86.8%
EuropeNetherlands
86.4%
EuropeDenmark
86.1%
EuropeBelgium
85.9%
EuropeFinland
85.7%
EuropeAlbania
83.6%
AfricaSouth Africa
81.6%
EuropeCzech Republic
77.8%
EuropeLuxembourg
64.7%
AsiaUnited Arab Emirates
48.5%
Remove Ads.
Support Sporcle.
Get the best of Sporcle when you Go Orange. This ad-free experience offers more features, more stats, and more fun while also helping to support Sporcle. Thank you for becoming a member.

You're not logged in!

Compare scores with friends on all Sporcle quizzes.
OR
Log In

Show Comments

Extras

Created Oct 23, 2010SourceReportNominate
Tags:Serbia, Serbian

Top Quizzes Today


Score Distribution

Your Account Isn't Verified!

In order to create a playlist on Sporcle, you need to verify the email address you used during registration. Go to your Sporcle Settings to finish the process.

Report this User

Report this user for behavior that violates our Community Guidelines.

Details: